Curso de semántica

Guardat en:
Dades bibliogràfiques
Autors principals: Hurford, James R (Autor), Heasley, Brendan (Autor)
Format: Llibre
Idioma:espanyol
Publicat: Madrid Visor 1997
Edició:2a. ed
Col·lecció:Visor Literatura y Debate Crítico, 1
Matèries:
Etiquetes: Afegir etiqueta
Sense etiquetes, Sigues el primer a etiquetar aquest registre!

MARC

LEADER 00000nam a2200000 a 4500
001 UCK3249
003 CL-VaPUC
008 050422e19970000SP |||||||||||||||||spa|d
020 |a 8477740143 
082 0 4 |a 412  |b HUR  |2 21 
100 |a Hurford, James R  |e author  |9 491310 
700 0 |a Heasley, Brendan  |e author  |9 491311 
245 1 0 |a Curso de semántica 
250 |a 2a. ed 
300 |a 308 p 
942 |c BK 
945 |d 20050422 00:00:00  |a cmena 
260 |a Madrid  |b Visor  |c 1997 
650 0 |a Semántica  |9 265318 
650 0 |a Lingüística  |9 265068 
650 0 |a Español  |9 255372 
583 |a last modification  |c 20050422 00:00:00  |k Rodrigo Vera 
490 0 |a Visor Literatura y Debate Crítico, 1 
999 |c 312509  |d 312507 
952 |0 0  |1 0  |4 0  |6 412_000000000000000_HUR_1997  |7 0  |8 A  |9 382919  |a FDOPOS  |b BIBEDU  |d 2019-11-21  |i 411406K  |l 1  |o 412 HUR 1997  |p 411406K  |r 2023-05-08  |s 2023-04-20  |w 2019-11-21  |y BK  |k MLA 
952 |0 0  |1 0  |4 0  |6 412_000000000000000_HUR_1997  |7 0  |8 A  |9 382920  |a BIBEDU  |b BIBEDU  |d 2019-11-21  |i 4666488  |o 412 HUR 1997  |p 4666488  |r 2019-11-21  |w 2019-11-21  |y BK  |k EBA